000 00291nam a22001337a 4500
008 180129b xxu||||| |||| 00| 0 eng d
020 _a677093001
041 _aeng
080 _a330
100 _a52
101 _aEKO
245 _aKeyne's Monetary Theory
_cMeltzer, A.H
942 _2udc
_cBK
999 _c41200
_d41200